Mechanization of tropical crops / (Record no. 6613)

MARC details
000 -LEADER
fixed length control field 00663cam a22002171 4500
001 - CONTROL NUMBER
control field BD-DhSAU 6613
003 - CONTROL NUMBER IDENTIFIER
control field BD-DhSAU
005 - DATE AND TIME OF LATEST TRANSACTION
control field 20150510132708.0
008 - FIXED-LENGTH DATA ELEMENTS--GENERAL INFORMATION
fixed length control field 740614s1957 enka 001 0 eng
040 ## - CATALOGING SOURCE
Original cataloging agency BD-DhSAU
082 ## - DEWEY DECIMAL CLASSIFICATION NUMBER
Classification number 633
Edition number 22
Item number BAM
100 1# - MAIN ENTRY--PERSONAL NAME
Personal name Bates, William Noel.
245 10 - TITLE STATEMENT
Title Mechanization of tropical crops /
Statement of responsibility, etc. W. N. Bates & With a foreword by Cornelius Davies.
260 ## - PUBLICATION, DISTRIBUTION, ETC. (IMPRINT)
Place of publication, distribution, etc. London :
Name of publisher, distributor, etc. Temple Press ,
Date of publication, distribution, etc. c1957.
300 ## - PHYSICAL DESCRIPTION
Extent xiii, 410 p. :
Other physical details ill. ;
Dimensions 22cm.
504 ## - BIBLIOGRAPHY, ETC. NOTE
Bibliography, etc Includes bibliographical references & index.
590 ## - Name of Cataloguer
Name of Cataloger <br/>Jerin
650 #0 - SUBJECT ADDED ENTRY--TOPICAL TERM
Topical term or geographic name as entry element Tropical crops.
650 #0 - SUBJECT ADDED ENTRY--TOPICAL TERM
Topical term or geographic name as entry element Agricultural machinery.
650 #0 - SUBJECT ADDED ENTRY--TOPICAL TERM
Topical term or geographic name as entry element Farm mechanization.
942 ## - ADDED ENTRY ELEMENTS (KOHA)
Source of classification or shelving scheme Dewey Decimal Classification
Koha item type Book
Holdings
Withdrawn status Lost status Source of classification or shelving scheme Damaged status Not for loan Collection code Home library Branch Name Shelving location Date acquired Total Checkouts Full call number Barcode Date last seen Price effective from Koha item type
    Dewey Decimal Classification   Not For Loan Reference SAU Library SAU Library Reference 03/07/1978   633 BAM 657 10/05/2015 10/05/2015 Book